000 00844nam a22002537a 4500
003 DO-SdBNP
005 20260120073951.0
007 ta
008 220203e2020 dr ||||gr|||| 001 0dspa d
020 _a9789945093315
040 _aDO-SdBNP
_bspa
_cBNPHU
082 4 _a158.1
_bR696e
_222
100 1 _aRodríguez, Argelia
_981125
245 1 0 _aEquilibradamente feliz :
_bencuentra sentido y propósito en medio de la crisis /
_cArgelia Rodríguez.
260 _aSanto Domingo :
_bVérité Editorial Group SRL,
_c2020
300 _a107 p. ;
_c21 cm.
500 _aIncluye datos biográficos de la autora en la contracubierta.
590 _aInventariado, 2022 /LP
650 0 _aÉxito
_9394
650 4 _aConducta (Ética)
650 0 _aVida espiritual
_9268
910 _aLopérez./Validado. Control de calidad MFF
942 _2ddc
_cLBS1
999 _c51328
_d51328